[Event "ISR-chT"]
[Site "Israel"]
[Date "2022.03.05"]
[Round "10.4"]
[White "Mikhalevski, Victor"]
[Black "Golod, Vitali"]
[Result "1/2-1/2"]
[WhiteElo "2561"]
[BlackElo "2508"]
[PlyCount "29"]
[EventDate "2022.01.14"]
[EventType "team-tourn"]
[EventRounds "11"]
[EventCountry "ISR"]
[SourceTitle "EXT 2023"]
[Source "ChessBase"]
[SourceDate "2022.10.05"]
[SourceVersion "1"]
[SourceVersionDate "2022.10.05"]
[SourceQuality "1"]
[WhiteTeam "Beer Sheva"]
[BlackTeam "Ashdod"]
[WhiteTeamCountry "ISR"]
[BlackTeamCountry "ISR"]

1. Nf3 Nf6 2. c4 e6 3. g3 d5 4. b3 Be7 5. Bg2 0-0 6. 0-0 b6 7. Bb2 Bb7 8. e3 c5 9. Nc3 dxc4 10. bxc4 Ne4 11. Ne5 Nxc3 12. Bxc3 Qc8 13. Qg4 Bf6 14. Nc6 Kh8 15. Bxf6 1/2-1/2

[Event "ISR-chT"]
[Site "Israel"]
[Date "2022.01.22"]
[Round "4.1"]
[White "Kaspi, Alexander"]
[Black "Golod, Vitali"]
[Result "1/2-1/2"]
[WhiteElo "2427"]
[BlackElo "2508"]
[PlyCount "21"]
[EventDate "2022.01.14"]
[EventType "team-tourn"]
[EventRounds "11"]
[EventCountry "ISR"]
[SourceTitle "EXT 2023"]
[Source "ChessBase"]
[SourceDate "2022.10.05"]
[SourceVersion "1"]
[SourceVersionDate "2022.10.05"]
[SourceQuality "1"]
[WhiteTeam "Rishon Le Zion"]
[BlackTeam "Ashdod"]
[WhiteTeamCountry "ISR"]
[BlackTeamCountry "ISR"]

1. d4 Nf6 2. c4 e6 3. Nc3 d5 4. cxd5 Nxd5 5. e4 Nxc3 6. bxc3 c5 7. Nf3 cxd4 8. cxd4 Bb4+ 9. Bd2 Bxd2+ 10. Qxd2 0-0 11. Bc4 1/2-1/2

[Event "ISR-chT"]
[Site "Israel"]
[Date "2022.01.14"]
[Round "1.5"]
[White "Haimovich, Tal"]
[Black "Golod, Vitali"]
[Result "1/2-1/2"]
[WhiteElo "2382"]
[BlackElo "2508"]
[PlyCount "137"]
[EventDate "2022.01.14"]
[EventType "team-tourn"]
[EventRounds "11"]
[EventCountry "ISR"]
[SourceTitle "EXT 2023"]
[Source "ChessBase"]
[SourceDate "2022.10.05"]
[SourceVersion "1"]
[SourceVersionDate "2022.10.05"]
[SourceQuality "1"]
[WhiteTeam "Herzliya"]
[BlackTeam "Ashdod"]
[WhiteTeamCountry "ISR"]
[BlackTeamCountry "ISR"]

1. e4 c5 2. Nf3 e6 3. d4 cxd4 4. Nxd4 Nc6 5. Nc3 Qc7 6. Be3 a6 7. Qf3 Nf6 8. 0-0-0 Be7 9. Kb1 0-0 10. g4 d6 11. g5 Nd7 12. h4 Nxd4 13. Bxd4 b5 14. Bd3 b4 15. Ne2 Ne5 16. Qg3 Bd7 17. Nf4 Nc6 18. Be3 Ne5 19. Nh5 Nxd3 20. Rxd3 Rac8 21. Rd2 Bc6 22. f3 Kh8 23. Nf4 e5 24. Nd3 a5 25. h5 f5 26. gxf6 Bxf6 27. Nf2 a4 28. Rg1 Rf7 29. Ng4 Be7 30. Rdg2 Qd8 31. Bc1 Qf8 32. Nh6 Bf6 33. Nxf7+ Qxf7 34. Bg5 Rg8 35. Bxf6 Qxf6 36. Rd1 Be8 37. h6 Bg6 38. Rgd2 Rd8 39. hxg7+ Kxg7 40. Rd5 Kh8 41. R5d3 Bf7 42. b3 axb3 43. axb3 d5 44. Qe1 Rb8 45. exd5 Bg6 46. d6 Bxd3 47. Rxd3 Qf4 48. Rd5 Re8 49. d7 Rd8 50. Qe2 Kg7 51. Kb2 Kf7 52. Qxe5 Qxe5+ 53. Rxe5 Rxd7 54. Re4 Rb7 55. c3 bxc3+ 56. Kxc3 Kg6 57. b4 Rf7 58. Re3 Kf5 59. Kd2 Kf4 60. Ke2 Kg3 61. b5 h5 62. Re5 h4 63. Rg5+ Kh2 64. b6 Rb7 65. Rg6 h3 66. Kf2 Rd7 67. Rf6 Rd5 68. f4 Rb5 69. Rh6 1/2-1/2

[Event "ISR-chT"]
[Site "Israel"]
[Date "2021.06.25"]
[Round "11.6"]
[White "Golod, Vitali"]
[Black "Tarnopolsky, Anatoly"]
[Result "1-0"]
[WhiteElo "2501"]
[BlackElo "2319"]
[PlyCount "57"]
[EventDate "2021.04.22"]
[EventType "team-tourn"]
[EventRounds "11"]
[EventCountry "ISR"]
[SourceTitle "EXT 2022"]
[Source "ChessBase"]
[SourceDate "2021.10.06"]
[SourceVersion "1"]
[SourceVersionDate "2021.10.06"]
[SourceQuality "1"]
[WhiteTeam "Ashdod Elite"]
[BlackTeam "Petah Tikva Nearim"]
[WhiteTeamCountry "ISR"]
[BlackTeamCountry "ISR"]

1. d4 d5 2. c4 c6 3. Nf3 Nf6 4. e3 e6 5. Nc3 Nbd7 6. Qc2 Bd6 7. Bd3 dxc4 8. Bxc4 b5 9. Be2 Bb7 10. 0-0 0-0 11. e4 e5 12. Bg5 Qe7 13. dxe5 Bxe5 14. Nxe5 Qxe5 15. Be3 Rfe8 16. f3 Nd5 17. Nxd5 cxd5 18. Bxb5 Re7 19. Rad1 dxe4 20. Rxd7 Rxd7 21. Bxd7 exf3 22. Qf2 Qe7 23. Bh3 Re8 24. Re1 fxg2 25. Bd2 Qd8 26. Rxe8+ Qxe8 27. Qxa7 Qd8 28. Be1 Be4 29. Qd7 1-0

[Event "ISR-chT"]
[Site "Israel"]
[Date "2021.05.07"]
[Round "5.4"]
[White "Golod, Vitali"]
[Black "Blokh, Dmitry"]
[Result "1-0"]
[WhiteElo "2501"]
[BlackElo "2259"]
[PlyCount "145"]
[EventDate "2021.04.22"]
[EventType "team-tourn"]
[EventRounds "11"]
[EventCountry "ISR"]
[SourceTitle "EXT 2022"]
[Source "ChessBase"]
[SourceDate "2021.10.06"]
[SourceVersion "1"]
[SourceVersionDate "2021.10.06"]
[SourceQuality "1"]
[WhiteTeam "Ashdod Elite"]
[BlackTeam "Rishon Le Zion Fridman"]
[WhiteTeamCountry "ISR"]
[BlackTeamCountry "ISR"]

1. d4 e6 2. c4 Nf6 3. Nf3 b6 4. a3 Bb7 5. Nc3 d5 6. cxd5 Nxd5 7. Bd2 Be7 8. Qc2 0-0 9. e4 Nxc3 10. Bxc3 a5 11. Rd1 f5 12. Bc4 Bxe4 13. Bxe6+ Kh8 14. Qe2 Qe8 15. d5 Qg6 16. h4 Bf6 17. Ng5 c6 18. Bxf6 Qxf6 19. 0-0 Bxd5 20. Bxd5 cxd5 21. Rxd5 h6 22. Nf3 Nc6 23. Rfd1 Rad8 24. h5 Rxd5 25. Rxd5 Rd8 26. Rxd8+ Qxd8 27. Qe6 Qd1+ 28. Kh2 Nd4 29. Qe8+ Kh7 30. Qg6+ Kg8 31. Ne5 Qe2 32. Qf7+ Kh7 33. Nd7 Kh8 34. Qf8+ Kh7 35. Nf6+ gxf6 36. Qf7+ Kh8 37. Qxf6+ Kh7 38. Qg6+ Kh8 39. Qxh6+ Kg8 40. Qg6+ Kf8 41. Qf6+ Kg8 42. Qxd4 Qxh5+ 43. Kg3 Qg6+ 44. Kf4 Qg4+ 45. Ke5 Qg7+ 46. Kd5 Qd7+ 47. Kc4 Qc6+ 48. Kd3 b5 49. f3 a4 50. Ke3 Kf7 51. Kf2 Kg6 52. g4 fxg4 53. Qxg4+ Kf6 54. Qf4+ Kg7 55. Kg3 Qc5 56. Qd2 Kg6 57. Qd3+ Kg5 58. f4+ Kh6 59. Qc3 Qd5 60. Kf2 Kg6 61. Ke3 Qe6+ 62. Kd2 Qb6 63. Qe5 Kf7 64. Kc3 Qa5+ 65. Kd4 Qb6+ 66. Kd5 b4 67. Qf5+ Kg7 68. Qd7+ Kf6 69. Qc6+ Qxc6+ 70. Kxc6 bxa3 71. bxa3 Kf5 72. Kb5 Kxf4 73. Kxa4 1-0

[Event "ISR-chT"]
[Site "Israel"]
[Date "2020.09.11"]
[Round "11.2"]
[White "Emanuel, Yahav"]
[Black "Golod, Vitali"]
[Result "0-1"]
[WhiteElo "2356"]
[BlackElo "2503"]
[PlyCount "120"]
[EventDate "2020.01.10"]
[EventType "team-tourn"]
[EventRounds "11"]
[EventCountry "ISR"]
[SourceTitle "EXT 2021"]
[Source "ChessBase"]
[SourceDate "2020.10.23"]
[SourceVersion "1"]
[SourceVersionDate "2020.10.23"]
[SourceQuality "1"]
[WhiteTeam "Herzliya Atudat Haim"]
[BlackTeam "Ashdod Elite"]
[WhiteTeamCountry "ISR"]
[BlackTeamCountry "ISR"]

1. e4 c5 2. Nf3 d6 3. d4 cxd4 4. Nxd4 Nf6 5. Nc3 a6 6. Be2 e6 7. 0-0 Be7 8. f4 0-0 9. Be3 Nc6 10. Kh1 Bd7 11. Qe1 Nxd4 12. Bxd4 Bc6 13. Qg3 b5 14. a3 g6 15. Bf3 a5 16. Rad1 b4 17. axb4 axb4 18. e5 Bxf3 19. Qxf3 bxc3 20. exf6 Bxf6 21. Qxc3 Bxd4 22. Qxd4 Qc7 23. Qxd6 Qxc2 24. Rd2 Qc4 25. Rfd1 Rab8 26. h3 Qb4 27. Qc7 Rb7 28. Qc6 Rbb8 29. Qc7 Rbc8 30. Qe5 Rc5 31. Qe3 Rc4 32. Rd4 Qb6 33. Qd2 Rfc8 34. Kh2 Kg7 35. Rxc4 Rxc4 36. Rc1 Qb4 37. Qxb4 Rxb4 38. Kg3 Rxb2 39. Rc7 Rb3+ 40. Kf2 h6 41. Ra7 g5 42. Ra4 Kg6 43. fxg5 hxg5 44. h4 gxh4 45. Rxh4 f5 46. Rh8 e5 47. Re8 Kf6 48. g3 Rb2+ 49. Ke3 Ra2 50. Rf8+ Kg6 51. Re8 Ra3+ 52. Kf2 Kf6 53. Kg2 Ra2+ 54. Kg1 e4 55. g4 f4 56. Rxe4 Kg5 57. Rb4 f3 58. Rb1 Kf4 59. g5 Kg3 60. g6 Rg2+ 0-1

[Event "ISR-chT"]
[Site "Israel"]
[Date "2020.09.04"]
[Round "9.6"]
[White "Golod, Vitali"]
[Black "Bakalchuk, Johnatan"]
[Result "1/2-1/2"]
[WhiteElo "2503"]
[BlackElo "2443"]
[PlyCount "48"]
[EventDate "2020.01.10"]
[EventType "team-tourn"]
[EventRounds "11"]
[EventCountry "ISR"]
[SourceTitle "EXT 2021"]
[Source "ChessBase"]
[SourceDate "2020.10.23"]
[SourceVersion "1"]
[SourceVersionDate "2020.10.23"]
[SourceQuality "1"]
[WhiteTeam "Ashdod Elite"]
[BlackTeam "Herzliya"]
[WhiteTeamCountry "ISR"]
[BlackTeamCountry "ISR"]

1. d4 Nf6 2. c4 g6 3. Nc3 Bg7 4. e4 d6 5. Be2 0-0 6. Nf3 Na6 7. Bf4 Qe8 8. e5 Nh5 9. Be3 f6 10. exd6 exd6 11. d5 f5 12. Rc1 Nc5 13. 0-0 Nf6 14. Re1 Nfe4 15. Nb5 Qe7 16. Bd4 Bh6 17. Rc2 c6 18. Nc3 Nxc3 19. Bxc3 Ne4 20. dxc6 bxc6 21. Bf1 c5 22. Bd2 Bg7 23. Ng5 Bb7 24. Nxe4 fxe4 1/2-1/2

[Event "ISR-chT"]
[Site "Israel"]
[Date "2020.02.14"]
[Round "7.6"]
[White "Golod, Vitali"]
[Black "Huzman, Alexander"]
[Result "1/2-1/2"]
[WhiteElo "2503"]
[BlackElo "2567"]
[PlyCount "36"]
[EventDate "2020.01.10"]
[EventType "team-tourn"]
[EventRounds "11"]
[EventCountry "ISR"]
[SourceTitle "CBM 194 Extra"]
[Source "ChessBase"]
[SourceDate "2020.03.31"]
[SourceVersion "1"]
[SourceVersionDate "2020.03.31"]
[SourceQuality "1"]
[WhiteTeam "Ashdod Elite"]
[BlackTeam "Beer Sheva Eliyahu Levant"]
[WhiteTeamCountry "ISR"]
[BlackTeamCountry "ISR"]

1. d4 Nf6 2. Nf3 g6 3. Bf4 Bg7 4. e3 d6 5. h3 0-0 6. Be2 c5 7. c3 Qb6 8. Qb3 Be6 9. Qxb6 axb6 10. a3 cxd4 11. cxd4 Rc8 12. Nc3 Nd5 13. Nxd5 Bxd5 14. 0-0 Nc6 15. Rfd1 Na5 16. Rac1 Bb3 17. Re1 Bc4 18. Bxc4 Nxc4 1/2-1/2

[Event "ISR-chT"]
[Site "Israel"]
[Date "2020.02.08"]
[Round "6.5"]
[White "Golod, Vitali"]
[Black "Gorshtein, Ido"]
[Result "1/2-1/2"]
[WhiteElo "2503"]
[BlackElo "2372"]
[PlyCount "29"]
[EventDate "2020.01.10"]
[EventType "team-tourn"]
[EventRounds "11"]
[EventCountry "ISR"]
[SourceTitle "CBM 194 Extra"]
[Source "ChessBase"]
[SourceDate "2020.03.31"]
[SourceVersion "1"]
[SourceVersionDate "2020.03.31"]
[SourceQuality "1"]
[WhiteTeam "Ashdod Elite"]
[BlackTeam "Kfar Saba Hapoel"]
[WhiteTeamCountry "ISR"]
[BlackTeamCountry "ISR"]

1. d4 f5 2. g3 Nf6 3. Bg2 g6 4. c4 Bg7 5. Nc3 0-0 6. Nh3 d6 7. d5 Nbd7 8. Qc2 a6 9. 0-0 Rb8 10. Rb1 Ne5 11. b3 c5 12. a4 Ne8 13. Bd2 b6 14. Nf4 Nc7 15. Nd3 1/2-1/2

[Event "ISR-chT"]
[Site "Israel"]
[Date "2020.01.17"]
[Round "3.4"]
[White "Oratovsky, Michael"]
[Black "Golod, Vitali"]
[Result "1/2-1/2"]
[WhiteElo "2434"]
[BlackElo "2503"]
[PlyCount "34"]
[EventDate "2020.01.10"]
[EventType "team-tourn"]
[EventRounds "11"]
[EventCountry "ISR"]
[SourceTitle "CBM 194 Extra"]
[Source "ChessBase"]
[SourceDate "2020.03.31"]
[SourceVersion "1"]
[SourceVersionDate "2020.03.31"]
[SourceQuality "1"]
[WhiteTeam "Petah Tikva Elitzur Maarav"]
[BlackTeam "Ashdod Elite"]
[WhiteTeamCountry "ISR"]
[BlackTeamCountry "ISR"]

1. e4 c5 2. Nf3 d6 3. Bb5+ Nd7 4. 0-0 a6 5. Bxd7+ Bxd7 6. d4 cxd4 7. Qxd4 e5 8. Qd3 Rc8 9. c4 b5 10. Nfd2 Nf6 11. Nc3 Qb6 12. b3 Be7 13. a4 0-0 14. axb5 axb5 15. Nxb5 Bxb5 16. cxb5 Rb8 17. Ra6 Qxb5 1/2-1/2

[Event "Ramat Gan Shavout"]
[Site "Ramat Gan"]
[Date "2019.06.08"]
[Round "4"]
[White "Golod, Vitali"]
[Black "Iliaguev, Nisim"]
[Result "1/2-1/2"]
[WhiteElo "2503"]
[BlackElo "2357"]
[PlyCount "78"]
[EventDate "2019.06.08"]
[EventType "swiss"]
[EventRounds "9"]
[EventCountry "ISR"]
[SourceTitle "EXT 2020"]
[Source "ChessBase"]
[SourceDate "2019.10.17"]
[SourceVersion "1"]
[SourceVersionDate "2019.10.17"]
[SourceQuality "1"]

1. d4 Nf6 2. c4 e6 3. Nc3 Bb4 4. Qc2 d5 5. a3 Bxc3+ 6. Qxc3 0-0 7. Nf3 Ne4 8. Qc2 b6 9. e3 c5 10. Bd3 Bb7 11. 0-0 cxd4 12. exd4 Nd7 13. b3 Rc8 14. Bb2 Ndf6 15. Qe2 a5 16. a4 Re8 17. Rac1 Qd6 18. Qe1 Nh5 19. g3 Nhf6 20. Ne5 dxc4 21. bxc4 Ng5 22. f3 Nd7 23. Nxd7 Qxd7 24. Qe3 f6 25. Ra1 Bc6 26. h4 Nf7 27. c5 bxc5 28. dxc5 Qc7 29. Kh2 Bd5 30. Rac1 Red8 31. Bb5 e5 32. Rfd1 Be6 33. c6 Nd6 34. Bc3 Nf5 35. Qe4 Nd6 36. Qe3 Nf5 37. Qe4 Nd6 38. Qe3 Nf5 39. Qe1 Ra8 1/2-1/2

[Event "Ramat Gan Shavout"]
[Site "Ramat Gan"]
[Date "2019.06.08"]
[Round "6"]
[White "Golod, Vitali"]
[Black "Mindlin, Alon"]
[Result "1-0"]
[WhiteElo "2503"]
[BlackElo "2454"]
[PlyCount "89"]
[EventDate "2019.06.08"]
[EventType "swiss"]
[EventRounds "9"]
[EventCountry "ISR"]
[SourceTitle "EXT 2020"]
[Source "ChessBase"]
[SourceDate "2019.10.17"]
[SourceVersion "1"]
[SourceVersionDate "2019.10.17"]
[SourceQuality "1"]

1. d4 Nf6 2. c4 e6 3. Nc3 Bb4 4. Qc2 Nc6 5. Nf3 d6 6. Bd2 e5 7. d5 Bxc3 8. Bxc3 Ne7 9. e4 0-0 10. Be2 a5 11. Nd2 c6 12. dxc6 bxc6 13. c5 Ng6 14. cxd6 Qxd6 15. g3 Qe6 16. h4 Ba6 17. Bxa6 Rxa6 18. h5 Ne7 19. h6 g6 20. Qb3 c5 21. Qxe6 fxe6 22. Bxe5 Ng4 23. Bg7 Rd8 24. Nc4 e5 25. f3 Rd4 26. b3 Nf6 27. Bxf6 Rxf6 28. Nxe5 Re6 29. Nc4 Nc6 30. Kf2 Rd8 31. Rad1 Nd4 32. Kg2 Ra8 33. Nb2 Rf8 34. Rd3 g5 35. Rh5 Rg6 36. Na4 g4 37. f4 Nf3 38. Rd7 c4 39. bxc4 Rb8 40. Rb5 Rc8 41. Nb6 Re8 42. Nd5 Rxh6 43. Kf2 Rh2+ 44. Ke3 Kh8 45. Nf6 1-0

[Event "Ramat Gan Shavout"]
[Site "Ramat Gan"]
[Date "2019.06.08"]
[Round "2"]
[White "Golod, Vitali"]
[Black "Zlatin, Alexander"]
[Result "1-0"]
[WhiteElo "2503"]
[BlackElo "2287"]
[PlyCount "81"]
[EventDate "2019.06.08"]
[EventType "swiss"]
[EventRounds "9"]
[EventCountry "ISR"]
[SourceTitle "EXT 2020"]
[Source "ChessBase"]
[SourceDate "2019.10.17"]
[SourceVersion "1"]
[SourceVersionDate "2019.10.17"]
[SourceQuality "1"]

1. d4 Nf6 2. c4 e6 3. Nc3 d5 4. cxd5 exd5 5. Bg5 Be7 6. e3 0-0 7. Bd3 c6 8. Qc2 h6 9. Bh4 Re8 10. Nf3 Nbd7 11. 0-0 Ne4 12. Bxe7 Qxe7 13. Rab1 Ndf6 14. Ne5 Nd6 15. b4 Ng4 16. Nxg4 Bxg4 17. b5 Bd7 18. bxc6 Bxc6 19. Qb3 Qg5 20. Nb5 Bxb5 21. Bxb5 Re7 22. Bd3 a6 23. a4 Rc8 24. Rfc1 Rec7 25. Rxc7 Rxc7 26. h4 Qxh4 27. Qxd5 Qe7 28. e4 Rd7 29. e5 Nf5 30. Qe4 g6 31. d5 h5 32. d6 Qg5 33. Bc4 Kg7 34. a5 Qd2 35. Bf1 Qxa5 36. Rxb7 Rxb7 37. Qxb7 Qxe5 38. d7 Qe7 39. Qc7 Qe1 40. d8Q h4 41. Qcb8 1-0

[Event "ISR-chT"]
[Site "Israel"]
[Date "2019.02.16"]
[Round "6.6"]
[White "Golod, Vitali"]
[Black "Kudischewitsch, David"]
[Result "0-1"]
[WhiteElo "2532"]
[BlackElo "2348"]
[PlyCount "112"]
[EventDate "2019.01.04"]
[EventType "team-tourn"]
[EventRounds "11"]
[EventCountry "ISR"]
[SourceTitle "CBM 189 Extra"]
[Source "ChessBase"]
[SourceDate "2019.06.03"]
[SourceVersion "1"]
[SourceVersionDate "2019.06.03"]
[SourceQuality "1"]
[WhiteTeam "Ashdod Elite"]
[BlackTeam "Netanya Shlakman"]
[WhiteTeamCountry "ISR"]
[BlackTeamCountry "ISR"]

1. d4 Nf6 2. c4 a6 3. Nc3 c5 4. dxc5 Qa5 5. Bd2 Qxc5 6. e4 e6 7. Bd3 d6 8. Rc1 Qc7 9. f4 Be7 10. Nf3 Nbd7 11. Qe2 0-0 12. 0-0 Rd8 13. Kh1 Nf8 14. Be3 Bd7 15. h3 Be8 16. g4 N6d7 17. b4 Rdc8 18. g5 Qd8 19. a3 Kh8 20. f5 a5 21. Bd4 axb4 22. axb4 Ne5 23. h4 Ra3 24. Nxe5 dxe5 25. Bxe5 f6 26. gxf6 gxf6 27. Bh2 Bxb4 28. Qb2 Be7 29. Rcd1 Bc6 30. fxe6 Qd4 31. Qg2 Rxc3 32. Bb1 Qxc4 33. Rg1 Ng6 34. h5 Rg8 35. Rde1 Bc5 36. Ba2 Ne7 37. Qxg8+ Nxg8 38. Bxc4 Rxc4 39. Rg4 Nh6 40. Rf4 f5 41. Kg2 Bxe4+ 42. Kh3 Rc3+ 43. Bg3 Bd6 44. Kh4 Ng8 45. Rd1 Be7+ 46. Kh3 Nf6 47. Rh4 Kg7 48. Rd2 Ng4 49. Rxg4+ fxg4+ 50. Kxg4 Kf6 51. Bh4+ Kxe6 52. Re2 Rc4 53. Bxe7 Kxe7 54. Kf4 Kf6 55. Rxe4 Rxe4+ 56. Kxe4 Kg5 0-1

[Event "Dov Porath Memorial"]
[Site "Ramat Gan"]
[Date "2018.09.09"]
[Round "6"]
[White "Golod, Vitali"]
[Black "Oratovsky, Michael"]
[Result "0-1"]
[WhiteElo "2532"]
[BlackElo "2467"]
[PlyCount "64"]
[EventDate "2018.09.08"]
[EventType "swiss (rapid)"]
[EventRounds "9"]
[EventCountry "ISR"]
[SourceTitle "CBM 186 Extra"]
[Source "ChessBase"]
[SourceDate "2018.08.24"]
[SourceVersion "1"]
[SourceVersionDate "2018.08.24"]
[SourceQuality "1"]

1. d4 d6 2. Nf3 Nf6 3. c4 g6 4. Nc3 Bf5 5. Nh4 Bd7 6. e4 e5 7. Nf3 Bg7 8. Be2 exd4 9. Nxd4 Nc6 10. Be3 0-0 11. 0-0 Re8 12. f3 Nh5 13. Qd2 Nf4 14. Rfd1 Nxe2+ 15. Ndxe2 Ne5 16. b3 a5 17. a4 Bc6 18. Rac1 Nd7 19. Nd5 Nc5 20. Rb1 Bxd5 21. cxd5 f5 22. exf5 gxf5 23. Nf4 Bh6 24. Re1 Re5 25. Bxc5 Qh4 26. Rxe5 Bxf4 27. g3 Bxd2 28. gxh4 dxe5 29. Rd1 Bf4 30. d6 cxd6 31. Rxd6 Rc8 32. Rd5 Rxc5 0-1

[Event "Dov Porath Memorial"]
[Site "Ramat Gan"]
[Date "2018.09.08"]
[Round "1"]
[White "Gabizon, Eyal"]
[Black "Golod, Vitali"]
[Result "0-1"]
[WhiteElo "2196"]
[BlackElo "2532"]
[PlyCount "108"]
[EventDate "2018.09.08"]
[EventType "swiss (rapid)"]
[EventRounds "9"]
[EventCountry "ISR"]
[SourceTitle "CBM 186 Extra"]
[Source "ChessBase"]
[SourceDate "2018.08.24"]
[SourceVersion "1"]
[SourceVersionDate "2018.08.24"]
[SourceQuality "1"]

1. c4 e5 2. Nc3 Nf6 3. Nf3 Nc6 4. g3 d5 5. cxd5 Nxd5 6. Bg2 Nb6 7. 0-0 Be7 8. d3 0-0 9. Be3 Be6 10. Rc1 Nd5 11. Bd2 Qd7 12. a3 Rfd8 13. b4 a6 14. Ne4 f6 15. Re1 a5 16. Nc5 Bxc5 17. bxc5 a4 18. Qc2 Nde7 19. Bc3 Nf5 20. Qb2 Ra7 21. Rb1 Qe7 22. Rec1 Qf7 23. g4 Nfd4 24. Bxd4 exd4 25. h3 Bd5 26. Qd2 Na5 27. Qf4 Nb3 28. Rc2 c6 29. Nd2 Ra5 30. Nxb3 axb3 31. Rcb2 Bxg2 32. Kxg2 Rxa3 33. Qd2 Qd5+ 34. f3 Re8 35. Qb4 Ra2 36. Qxb3 Qxb3 37. Rxb3 Rexe2+ 38. Kg1 Rg2+ 39. Kf1 Raf2+ 40. Ke1 Rxf3 41. Rxb7 Rxh3 42. Kf1 Rxg4 43. Rb8+ Kf7 44. R1b7+ Kg6 45. Rc8 Rxd3 46. Rxc6 Rc3 47. Rcc7 Kh6 48. c6 d3 49. Rc8 d2 50. Rd7 Rc1+ 51. Ke2 Rgc4 52. c7 R4c2 53. Rxd2 Rxc7 54. Re8 R1c2 0-1

[Event "ISR-ch"]
[Site "Tiberias"]
[Date "2016.12.13"]
[Round "9"]
[White "Baron, Tal"]
[Black "Golod, Vitali"]
[Result "1/2-1/2"]
[WhiteElo "2536"]
[BlackElo "2549"]
[PlyCount "113"]
[EventDate "2016.12.05"]
[EventType "swiss"]
[EventRounds "9"]
[EventCountry "ISR"]
[SourceTitle "CBM 176 Extra"]
[Source "ChessBase"]
[SourceDate "2017.03.02"]
[SourceVersion "1"]
[SourceVersionDate "2017.03.02"]
[SourceQuality "1"]

1. d4 d5 2. c4 e6 3. Nc3 Nf6 4. cxd5 exd5 5. Bg5 c6 6. Qc2 Be7 7. e3 Nbd7 8. Bd3 Nf8 9. Nge2 Bg4 10. Ng3 Nh5 11. Bxe7 Qxe7 12. Nxh5 Bxh5 13. 0-0 Bg6 14. Rab1 a5 15. Rbe1 Bxd3 16. Qxd3 Ne6 17. f4 g6 18. f5 gxf5 19. Qxf5 Ng7 20. Qf3 f5 21. e4 dxe4 22. Nxe4 0-0 23. Nc3 Qd6 24. d5 Rae8 25. dxc6 bxc6 26. Rxe8 Rxe8 27. Rd1 Qb4 28. Qf2 f4 29. Rf1 Rf8 30. Qe2 Re8 31. Qd2 Rf8 32. b3 Ne6 33. Qe2 Nd4 34. Qg4+ Kh8 35. Ne2 Qc5 36. Nxd4 Qxd4+ 37. Kh1 a4 38. bxa4 Qxa4 39. Qe6 Qb5 40. Rd1 f3 41. gxf3 Qf5 42. Qxf5 Rxf5 43. Kg2 Ra5 44. Rd2 Kg7 45. Kf2 Kf6 46. Ke3 Ke5 47. f4+ Kf5 48. Rf2 Ra4 49. Kd3 h5 50. Kc3 c5 51. Kb3 Rb4+ 52. Kc2 Ra4 53. Kc3 h4 54. Kb3 Rb4+ 55. Kc3 Ra4 56. Kb3 Rb4+ 57. Kc3 1/2-1/2

[Event "ISR-ch"]
[Site "Tiberias"]
[Date "2016.12.08"]
[Round "4"]
[White "Golod, Vitali"]
[Black "Steinberg, Nitzan"]
[Result "1/2-1/2"]
[WhiteElo "2549"]
[BlackElo "2476"]
[PlyCount "81"]
[EventDate "2016.12.05"]
[EventType "swiss"]
[EventRounds "9"]
[EventCountry "ISR"]
[SourceTitle "CBM 176 Extra"]
[Source "ChessBase"]
[SourceDate "2017.03.02"]
[SourceVersion "1"]
[SourceVersionDate "2017.03.02"]
[SourceQuality "1"]

1. d4 d5 2. c4 c6 3. Nf3 Nf6 4. Nc3 e6 5. Qb3 Nbd7 6. Bf4 a5 7. cxd5 exd5 8. e3 Be7 9. Bd3 Nh5 10. 0-0 Nxf4 11. exf4 0-0 12. Qc2 g6 13. f5 Kg7 14. Rfe1 Bd6 15. Re2 Nf6 16. Ne5 Qb6 17. Nf3 Qd8 18. g3 Nh5 19. Nd1 Nf6 20. Ne3 Re8 21. Ng5 h6 22. Nf3 g5 23. Rae1 Bd7 24. Nf1 Rxe2 25. Rxe2 Qb6 26. h3 Re8 27. Rxe8 Bxe8 28. Ne3 Qc7 29. Kg2 b6 30. h4 g4 31. Nh2 h5 32. Qc1 Qe7 33. Nc2 Ne4 34. Nf1 c5 35. Nce3 Nf6 36. b3 Bc6 37. Kg1 a4 38. Ng2 Kf8 39. Qh6+ Ke8 40. Nf4 axb3 41. axb3 1/2-1/2

[Event "ISR-chT"]
[Site "Israel"]
[Date "2015.05.01"]
[Round "11.1"]
[White "Huzman, Alexander"]
[Black "Golod, Vitali"]
[Result "1-0"]
[WhiteElo "2574"]
[BlackElo "2562"]
[PlyCount "159"]
[EventDate "2015.01.09"]
[EventType "team-tourn"]
[EventRounds "11"]
[EventCountry "ISR"]
[SourceTitle "EXT 2016"]
[Source "ChessBase"]
[SourceDate "2015.10.08"]
[SourceVersion "1"]
[SourceVersionDate "2015.10.08"]
[SourceQuality "1"]
[WhiteTeam "Beer Sheva"]
[BlackTeam "Ashdod Illit"]
[WhiteTeamCountry "ISR"]
[BlackTeamCountry "ISR"]

1. d4 Nf6 2. c4 e6 3. Nf3 Bb4+ 4. Nbd2 0-0 5. a3 Be7 6. e4 d6 7. Be2 Nbd7 8. Qc2 e5 9. Nb1 c6 10. Nc3 a6 11. 0-0 b5 12. Be3 Ng4 13. Bd2 Bb7 14. h3 Ngf6 15. Be3 exd4 16. Nxd4 g6 17. Rfd1 Re8 18. b4 Bf8 19. Nb3 Rc8 20. c5 dxc5 21. Nxc5 Qc7 22. Nxd7 Nxd7 23. Bg4 Red8 24. Rac1 Bd6 25. Qa2 Be5 26. Nd5 cxd5 27. Rxc7 Rxc7 28. exd5 Bd6 29. Qa1 Re8 30. Qd4 Be5 31. Qd2 Nf6 32. Bf3 Rd7 33. Qa2 Red8 34. Bb6 Bxd5 35. Bxd5 Rxd5 36. Rxd5 Rxd5 37. Qc2 h5 38. g3 Kg7 39. Qc8 Nd7 40. Be3 Rd6 41. Kg2 Bf6 42. g4 hxg4 43. hxg4 g5 44. Bc5 Rd2 45. Qxa6 Nxc5 46. bxc5 Bd4 47. c6 Rxf2+ 48. Kg3 Rb2 49. Kf3 Be5 50. Qb7 Rb3+ 51. Ke4 Bf4 52. c7 Bxc7 53. Qxc7 Rxa3 54. Qe5+ Kh7 55. Qf5+ Kg8 56. Qxg5+ Kh7 57. Qe7 Ra4+ 58. Kf5 Kg7 59. Qe5+ Kg8 60. Qb8+ Kg7 61. Qxb5 Ra2 62. g5 Rf2+ 63. Kg4 Ra2 64. Qe5+ Kg8 65. Qe8+ Kg7 66. Qb5 Kg8 67. Kf5 Rf2+ 68. Ke5 Kg7 69. Qa6 Rg2 70. Kf5 Rf2+ 71. Kg4 Rg2+ 72. Kf4 Rg1 73. Kf5 Rg2 74. Qb6 Rg3 75. Qd4+ Kg8 76. Qe4 Rg1 77. Kf6 Rf1+ 78. Ke7 Kg7 79. Qd4+ Kg6 80. Qf6+ 1-0